300 câu đố tư duy của sinh viên trường đại học Harvard : Nhận biết hình dạng; Tư duy không gian; Tư duy lô gích; Tư duy số học; Suy luận /
Uloženo v:
| Korporativní autor: | |
|---|---|
| Další autoři: | |
| Médium: | Sách giấy |
| Jazyk: | Vietnamese |
| Vydáno: |
H. :
Dân trí,
2013.
|
| Témata: | |
| Tagy: |
Přidat tag
Žádné tagy, Buďte první, kdo otaguje tento záznam!
|
| Thư viện lưu trữ: | Thư viện Trường Đại học Đà Lạt |
|---|
| LEADER | 00907nam a2200325 4500 | ||
|---|---|---|---|
| 001 | DLU130154251 | ||
| 005 | ##20131007 | ||
| 040 | # | # | |a DLU |b vie |
| 041 | # | # | |a vie |
| 044 | # | # | |a vn |
| 082 | # | # | |a 793.73 |b MEN |
| 110 | # | # | |a Mensa. |
| 245 | # | # | |a 300 câu đố tư duy của sinh viên trường đại học Harvard : |b Nhận biết hình dạng; Tư duy không gian; Tư duy lô gích; Tư duy số học; Suy luận / |c Mensa; Hoài Nha dịch. |
| 260 | # | # | |a H. : |b Dân trí, |c 2013. |
| 300 | # | # | |a 232 tr. ; |c 24 cm. |
| 650 | # | # | |a Câu đố. |
| 650 | # | # | |a Trắc nghiệm trí thông minh. |
| 653 | # | # | |a Câu đố logic. |
| 700 | # | # | |a Hoài Nha, |e dịch. |
| 923 | # | # | |a 06/2013 |
| 991 | # | # | |a SH |
| 992 | # | # | |a 108000 |
| 994 | # | # | |a DLU |
| 900 | # | # | |a True |
| 911 | # | # | |a Đào Thị Thu Huyền |
| 925 | # | # | |a G |
| 926 | # | # | |a A |
| 927 | # | # | |a SH |
| 980 | # | # | |a Thư viện Trường Đại học Đà Lạt |